| Tag |
First Indicator |
Second Indicator |
Subfields |
| LEADER |
00000pam a2200000 a 4500 |
| 001 |
in00000082075 |
| 005 |
20151008055503.0 |
| 008 |
810811s1981 nyua b 00100 eng |
| 010 |
|
|
|a 81013829
|
| 020 |
|
|
|a 0306407833
|
| 035 |
|
|
|a (OCoLC)07733582
|
| 035 |
|
|
|9 AAJ3594AM
|
| 039 |
0 |
|
|a 2
|b 3
|c 3
|d 3
|e 3
|
| 040 |
|
|
|a DLC
|c DLC
|d TXA
|d UtOrBLW
|
| 049 |
|
|
|a TXAM
|c [951937]
|
| 050 |
0 |
0 |
|a QP273
|b .F47
|
| 060 |
|
0 |
|a WQ 205 F411
|
| 082 |
0 |
|
|a 599.03/3
|2 19
|
| 245 |
0 |
0 |
|a Fertilization and embryonic development in vitro /
|c edited by Luigi Mastroianni, Jr. and John D. Biggers.
|
| 264 |
|
1 |
|a New York :
|b Plenum Press,
|c [1981]
|
| 264 |
|
4 |
|c ©1981
|
| 300 |
|
|
|a xi, 371 pages :
|b illustrations ;
|c 24 cm.
|
| 336 |
|
|
|a text
|b txt
|2 rdacontent
|
| 337 |
|
|
|a unmediated
|b n
|2 rdamedia
|
| 338 |
|
|
|a volume
|b nc
|2 rdacarrier
|
| 504 |
|
|
|a Includes bibliographies and index.
|
| 650 |
|
0 |
|a Fertilization in vitro.
|
| 650 |
|
0 |
|a Embryology, Experimental.
|
| 650 |
|
2 |
|a Fertilization in Vitro.
|
| 650 |
|
2 |
|a Embryo Transfer.
|
| 650 |
|
2 |
|a Embryonic Structures.
|
| 650 |
|
2 |
|a Embryo, Nonmammalian.
|
| 700 |
1 |
|
|a Mastroianni, Luigi.
|
| 700 |
1 |
|
|a Biggers, John D.,
|d 1923-
|
| 999 |
|
|
|a MARS
|
| 999 |
f |
f |
|s 44557308-2723-3a54-b4ed-b0cd0f81d571
|i 865d83b1-b002-3038-ae5a-6a36b7c54116
|t 0
|
| 952 |
f |
f |
|p ric
|a Texas A&M University
|b Rellis Campus
|c Joint Library Facility
|d Remote Storage
|t 0
|e QP273 .F47
|h Library of Congress classification
|i unmediated -- volume
|m A14806223849
|
| 998 |
f |
f |
|a QP273 .F47
|t 0
|l Remote Storage
|